Royal Incorporation of Architects In Scotland (Record no. 120421)

MARC details
000 -LEADER
fixed length control field 00727cam a2200181 4500
001 - CONTROL NUMBER
control field WS125631
008 - FIXED-LENGTH DATA ELEMENTS--GENERAL INFORMATION
fixed length control field 040329n 000 0 eng u
035 ## - SYSTEM CONTROL NUMBER
System control number (Sirsi) u125631
110 ## - MAIN ENTRY--CORPORATE NAME
Corporate name or jurisdiction name as entry element Royal Incorporation of Architects In Scotland
9 (RLIN) 2351
245 ## - TITLE STATEMENT
Title Royal Incorporation of Architects In Scotland
520 ## - SUMMARY, ETC.
Summary, etc. Web site for this professional body for chartered architects in Scotland. Includes news, links to their journal 'Chartered Architect', an online directory of members and details of publications.
650 ## - SUBJECT ADDED ENTRY--TOPICAL TERM
Topical term or geographic name entry element ORGANISATION
650 ## - SUBJECT ADDED ENTRY--TOPICAL TERM
Topical term or geographic name entry element SCOTLAND
650 ## - SUBJECT ADDED ENTRY--TOPICAL TERM
Topical term or geographic name entry element ARCHITECTS
690 ## - LOCAL SUBJECT ADDED ENTRY--TOPICAL TERM (OCLC, RLIN)
Topical term or geographic name as entry element BUILT ENVIRONMENT
856 40 - ELECTRONIC LOCATION AND ACCESS
Uniform Resource Identifier <a href="https://www.rias.org.uk">https://www.rias.org.uk</a>
Public note View the documente free of charge at www.rias.org.uk
942 ## - ADDED ENTRY ELEMENTS (KOHA)
Suppress in OPAC 0
Holdings
Withdrawn status Lost status Source of classification or shelving scheme Damaged status Not for loan Home library Current library Shelving location Date acquired Total Checkouts Full call number Barcode Date last seen Copy number Price effective from Koha item type
    Dewey Decimal Classification     Virtual Virtual Online 29/03/2004   WEB SITE 125631-1001 06/08/2019 1 06/08/2019 Online material